| 000 | 00792nam a22002175i 4500 | ||
|---|---|---|---|
| 001 | 162655 | ||
| 003 | ES-MaACL | ||
| 005 | 20260202063018.0 | ||
| 008 | 050715s1904 fr ab | |||||||| ||fre d | ||
| 040 |
_aCAM _bspa _cCAM |
||
| 100 | 1 |
_aProust, Adrien, _d1834-1903 _9154250 |
|
| 245 | 1 | 0 |
_aTraité d'hygiène / _cpar A. Proust. |
| 250 |
_a3e éd. ev. et augm. _bavec la collaboration de A. Netter et H. Bourges. |
||
| 260 |
_aParis : _bMasson et C., _c1904 ( _eCoulommiers : _fImp. Paul Brodard) |
||
| 300 |
_a12, 1245 p. : _bil. ; _c25 cm. |
||
| 650 | 0 | 4 |
_aHigiene. _913347 |
| 700 | 1 |
_aNetter, Arnold ( _d1855-1936) _9154251 |
|
| 700 | 1 |
_aBourges, Henri. _9154252 |
|
| 852 |
_aES-MaACL _jB-12130 _z-- Enc. pasta española, conservando la cub. original |
||
| 999 |
_c162655 _d162655 |
||